| 000 | 01191nam a2200229 i 4500 | ||
|---|---|---|---|
| 001 | 188939 | ||
| 003 | ES-MaACL | ||
| 005 | 20251220174433.0 | ||
| 008 | 190304s1982 sp |||| | spa d | ||
| 100 | 1 |
_aAzuela de La Cueva, Antonio. _9166514 |
|
| 245 | 1 | 0 |
_aSíntesis de la legislación ambiental en Panamá, República Dominicana y Nicaragua / _cAntonio Azuela. |
| 260 |
_a[Madrid : _bCIFCA, _c1982?] |
||
| 300 |
_a19 p. ; _c30 cm. |
||
| 490 | 1 |
_aOpiniones. Ordenamiento jurídico ; _v8 |
|
| 594 | _aDocumento presentado en el Seminario sobre Medio Ambiente y Ordenamiento Jurídico, celebrado del 25 de febrero al 2 de marzo de 1982 en Mérida (Venezuela), organizado por el CIFCA y el Ministerio del Ambiente y de los Recursos Naturales Renovables de Venezuela, con la colaboración del CIDIAT. | ||
| 650 | 4 |
_aDerecho ambiental- _zAmérica Latina. _9166493 |
|
| 710 | 2 |
_aCentro Internacional de Formación en Ciencias Ambientales (Madrid) _9166480 |
|
| 711 | 2 |
_aSeminario sobre Medio Ambiente y Ordenamiento Jurídico _d(1982. _cMérida (Venezuela) _9166494 |
|
| 830 | 1 |
_aOpiniones. Ordenamiento jurídico ; _v8 _9193220 |
|
| 852 |
_aES-MaACL _jP-467-8 |
||
| 999 |
_c188939 _d188939 |
||